Follow That Line: Some Like It Hot Quiz Stats

Quiz not verified by Sporcle

Challenge
Share
Tweet
Embed
Score 0/25 Timer 15:00
0 Plays Today
% Correct
We've been discussing that. He wants to go to the Riviera but I kinda lean towards Niagara Falls.
95.5%
On the Baltimore and Ohio.
95.2%
Well that depends. That depends on whether you're coming or going.
94.7%
We didn't hear anything either!
94.5%
She squealed on her roommate... and they found her strangled with her own brassiere!
94.5%
I am.
94.1%
I'll say. I had two ponies drowned under me.
93.2%
It's not how long you wait, it's who you're waiting for.
93.1%
And that's one of them!
93%
It's like Jell-O on springs.
92.7%
They shrink when they're marinated.
92.6%
You tore off one of my chests!
92.6%
Of course they're real! What do you think? My fiance is a bum?
92.2%
% Correct
Well, pull in your reel, Mr. Fielding. You're barking up the wrong fish!
92.1%
It's not the backs that worry me.
91.1%
Heard you 'opera lovers' were having a convention, so I thought I'd better be around in case anybody decided to sing.
90.1%
Well, nobody's perfect.
88.7%
Brand new!
88.5%
I always get the fuzzy end of the lollipop.
88%
I'm Cinderella the Second.
88%
Embalming people with coffee... 86 proof.
85%
Would you rather be picking lead out of your navel?
83.1%
Well, I never did like the name Geraldine.
82.5%
Wanna bet?
74.1%
Security!
64.8%

You're not logged in!

Compare scores with friends on all Sporcle quizzes.
Join for Free
OR
Log In

You Might Also Like...

Show Comments

Extras

Top Quizzes Today


Score Distribution

Your Account Isn't Verified!

In order to create a playlist on Sporcle, you need to verify the email address you used during registration. Go to your Sporcle Settings to finish the process.

Report this User

Report this user for behavior that violates our Community Guidelines.

Details: